LEADER 01614nam0 22003613i 450 001 VAN00253950 005 20250902100918.440 017 70$2N$a9783030889197 100 $a20230201d2022 |0itac50 ba 101 $aeng 102 $aCH 105 $a|||| ||||| 181 $ai$b e 182 $ab 183 $acr 200 1 $aProceedings of the 3rd International Conference on BioGeoSciences$eModeling Natural Environments$feditors Rolando Cardenas ... [et al.] 210 $aCham$cSpringer$d2022 215 $aIX, 246 p.$cill.$d24 cm 410 1$1001VAN00219201$12001 $aSpringer Proceedings in Earth and Environmental Sciences$1210 $aCham$cSpringer$d2019- 620 $aCH$dCham$3VANL001889 676 $a543$cChimica analitica$v22 676 $a577.14$cChimica ambientale$v22 676 $a553.7$cAcqua$v22 702 1$aCardenas$bRolando$3VANV207054 712 $aSpringer $3VANV108073$4650 801 $aIT$bSOL$c20250905$gRICA 856 4 $uhttps://link.springer.com/book/10.1007/978-3-030-88919-7$zE-book - Accesso al full-text attraverso riconoscimento IP di Ateneo, proxy e/o Shibboleth 899 $aBIBLIOTECA DEL DIPARTIMENTO DI SCIENZE E TECNOLOGIE AMBIENTALI BIOLOGICHE E FARMACEUTICHE$1IT-CE0101$2VAN17 912 $fN 912 $aVAN00253950 950 $aBIBLIOTECA DEL DIPARTIMENTO DI SCIENZE E TECNOLOGIE AMBIENTALI BIOLOGICHE E FARMACEUTICHE$d17CONS e-book 2307 $e17BIB2307/84 84 20230201 $sBuono 996 $aProceedings of the 3rd International Conference on BioGeoSciences$92591525 997 $aUNICAMPANIA